| 000 | 00982nam a2200241Ia 4500 | ||
|---|---|---|---|
| 999 |
_c39398 _d39398 |
||
| 001 | 5988 | ||
| 003 | GE_BSU | ||
| 005 | 20190730120900.0 | ||
| 008 | 181216s2008||||geo|||||||||||||| ||geo|| | ||
| 020 | _a9789941122149 | ||
| 040 | _cGE_BSU | ||
| 041 | _ageo | ||
| 080 | _a612.31.015(075.8) + 577.1(075.8) ა - 48 | ||
| 100 |
_aალექსიძე, ნუგზარ _92610 |
||
| 245 |
_aნორმალური და პათოლოგიური ბიოქიმია ტ. 2 : _bსახელმძღვ. მედიკოსებისათვის / _cნუგზარ ალექსიძე |
||
| 264 |
_aთბილისი : _bუნივერსალი ; _c2008. |
||
| 300 |
_a528 გვ. : _bილ. ; _c24 სმ. |
||
| 541 | _h30ლ. | ||
| 653 | _aბიოქიმია | ||
| 653 | _aნორმალური და პათოლოგიური ბიოქიმია | ||
| 653 | _aქიმია | ||
| 942 |
_cBK _2udc |
||